Brooklyn Nine Nine Trivia - Statistics

General Stats
  • This quiz has been taken 7,993 times
  • The average score is 7 of 13
Answer Stats
Question Answer % Correct
Who wins the Halloween bet in season 1? Jake Peralta
84%
What does RJH stand for? Raymond Jacob Holt
76%
What character is continuously taking his shirt off? Hitchcock
75%
In season 2 episode 20, how many cracked ribs does Jake get? 3
67%
Where does Vivian want to move to after she gets married to Boyle? Canada
66%
How do Amy and Gina get to Holt's party? subway
51%
What is the name of Gina's first dance group? Floorgasm
46%
What is Terry's famous phrase? "Terry loves yogurt"
42%
In season 2 episode 22, what codename does Jake give to Holt? wet blanket
38%
What instrument did Amy play in her high school marching band? French horn
37%
On Halloween (season 1), what does Jake attempt to steal from Holt? Medal of Valour
37%
What is the name of Rosa's secret bathroom? Babylon
30%
What is the name of the room that Sophia and Jake stay in at the Maple Drip Inn? Room of 1000 Dolls
17%
No matching quizzes found
Score Distribution
Percent of People with Each Score
Percentile by Number Answered
Your Score History
You have not taken this quiz